| 000 | 00413 a2200157 4500 | ||
|---|---|---|---|
| 005 | 20250605100129.0 | ||
| 020 | _a9 780192 893468 | ||
| 082 | _a658.8 BAI | ||
| 100 | _aBAINES,P. | ||
| 245 | _aMarketing. | ||
| 250 | _a6th Ed. | ||
| 260 |
_aUnited Kingdom, _bOxford University Press, _c2022. |
||
| 300 |
_axxx,737figure, picture,table _bIndex.; _c26cm. |
||
| 700 | _aROSENGREN, S & ANTONETTI, P. | ||
| 942 |
_2ddc _cBKS |
||
| 999 |
_c3195 _d3195 |
||